Adaptive Methods in Underwater Acoustics /

Bibliographic Details
Main Author: Urban, Heinz G.
Corporate Author: SpringerLink (Online service)
Format: eBook
Language:English
Published: Dordrecht : Springer Netherlands, 1985.
Series:NATO ASI series. Mathematical and physical sciences ; 151.
Subjects:
Online Access:Connect to the full text of this electronic book

MARC

Tag First Indicator Second Indicator Subfields
LEADER 00000cam a2200000Ma 4500
001 in00003549413
006 m o d
007 cr nn|||||||||
008 121227s1985 ne o 000 0 eng d
005 20260422204944.6
020 |a 9789400953611 (electronic bk.) 
020 |a 9400953615 (electronic bk.) 
035 |a (OCoLC)840305903 
040 |a I9W  |b eng  |e pn  |c I9W  |d OCLCO  |d OCLCQ  |d UV0  |d OCLCO  |d GW5XE  |d OCLCF  |d UtOrBLW 
049 |a TXAM 
050 4 |a GC1-1581 
082 0 4 |a 551.46  |2 23 
100 1 |a Urban, Heinz G. 
245 1 0 |a Adaptive Methods in Underwater Acoustics /  |c edited by Heinz G. Urban. 
246 3 |a Proceedings of the NATO Advanced Study Institute, Lüneburg, Germany, July 30-August 10, 1984 
264 1 |a Dordrecht :  |b Springer Netherlands,  |c 1985. 
300 |a 1 online resource (740 pages) 
336 |a text  |b txt  |2 rdacontent 
337 |a computer  |b c  |2 rdamedia 
338 |a online resource  |b cr  |2 rdacarrier 
490 1 |a NATO ASI Series, Series C: Mathematical and Physical Sciences, 1389-2185 ;  |v 151 
500 |a Electronic resource. 
650 0 |a Geography. 
650 0 |a Oceanography. 
650 7 |a Geography.  |2 fast  |0 (OCoLC)fst00940469 
650 7 |a Oceanography.  |2 fast  |0 (OCoLC)fst01043671 
655 7 |a Electronic books.  |2 local 
710 2 |a SpringerLink (Online service) 
830 0 |a NATO ASI series.  |n Series C,  |p Mathematical and physical sciences ;  |v 151. 
856 4 0 |u http://proxy.library.tamu.edu/login?url=https://link.springer.com/10.1007/978-94-009-5361-1  |z Connect to the full text of this electronic book  |t 0 
994 |a 92  |b TXA 
999 |a MARS 
999 f f |s 88b1012c-77bc-3202-ae99-6423d4779027  |i bb52b6ae-32ed-36b0-b03f-431df4d80ded  |t 0 
952 f f |a Texas A&M University  |b College Station  |c Electronic Resources  |s www_evans  |d Available Online  |t 0  |e GC1-1581  |h Library of Congress classification 
998 f f |a GC1-1581  |t 0  |l Available Online